| 000 | 00703nam a2200205 i 4500 | ||
|---|---|---|---|
| 001 | 25744 | ||
| 003 | ES-MaACL | ||
| 005 | 20250819173450.0 | ||
| 007 | t| | ||
| 008 | 030102s1970 sp ||||1| spa d | ||
| 100 | 0 |
_aAristóteles _922861 |
|
| 245 | 1 | 0 |
_aAristotelis Metaphysica _b: = Metafísica de Aristóteles / _cAristóteles ; edición trilingüe por Valentín García Yebra. |
| 260 |
_a[Madrid] : _bGredos, _c[1970] |
||
| 300 |
_a2 v. ; _c25 cm. |
||
| 500 | _aEdición trilingüe griego-latín-castellano. | ||
| 700 | 1 |
_aGarcía Yebra, Valentín, _d1917-2010 _955453 |
|
| 740 | 0 | _aMetafísica de Aristóteles. | |
| 852 |
_aES-MaACL _jC-37754-55 _bR.75636 |
||
| 999 |
_c25744 _d25744 |
||